00000000cam 2200000zi 4500
0019.957806
003CaOODSP
00520251211145648
006m     o  d f      
007cr mn|||||||||
008251128t20252025quca    o    f000 0 eng d
020 |a9780660799735
040 |aCaOODSP|beng|erda|cCaOODSP
041 |aeng|bfre
043 |an-cn---
0861 |aSE3-145/2025E-PDF
24500|aQualitative study of electors for the 45th federal general election : |bresearch report / |cprepared for Elections Canada.
264 1|aGatineau, Quebec : |bElections Canada, |c2025.
264 4|c©2025
300 |a1 online resource (84 pages) : |bcolour illustrations
336 |atext|btxt|2rdacontent
337 |acomputer|bc|2rdamedia
338 |aonline resource|bcr|2rdacarrier
500 |aIssued also in French under title: Étude qualitative auprès des électeurs pour la 45e élection générale fédérale : rapport de recherche.
500 |a"Supplier name: Earnscliffe Strategy Group."
500 |a"Contract number: CW2362237."
500 |a"Delivery date: June 27, 2025."
500 |a"Registration number: POR# 002-24."
520 |a"Earnscliffe Strategy Group (Earnscliffe) is pleased to present this report to Elections Canada summarizing the results of qualitative research aimed at gathering information on perceptions of the electoral process and Elections Canada; reasons for voting or not voting; voting experiences; media consumption and sources; and electors’ opinions and understanding of the Voter Information Campaign for the 45th general election in Canada"--Executive summary, page 1.
546 |aIncludes some text in French.
61010|aCanada. |bParliament|xElections|xPublic opinion.
61010|aCanada. |bParliament|xElections, 2025.
650 0|aElections|zCanada|xPublic opinion.
650 0|aVoting|zCanada|xPublic opinion.
650 0|aPublic opinion|zCanada.
7102 |aElections Canada, |eissuing body.
7102 |aEarnscliffe Strategy Group, |econsultant.
77508|tÉtude qualitative auprès des électeurs pour la 45e élection générale fédérale : |w(CaOODSP)9.957811
85640|qPDF|s10.9 MB|uhttps://publications.gc.ca/collections/collection_2025/elections/SE3-145-2025-eng.pdf|z(research report)
8564 |qHTML|sN/A|uhttps://epe.bac-lac.gc.ca/100/200/301/pwgsc-tpsgc/por-ef/elections_canada/2025/002-24-e/index_e.html|z(research report)
8564 |qHTML|sN/A|uhttps://epe.bac-lac.gc.ca/100/200/301/pwgsc-tpsgc/por-ef/elections_canada/2025/002-24-e/index.html|z(complete dataset)